Normal view
MARC view
Entry Nombre personal
001 - NÚMERO DE CONTROL
- campo de control: 83856
003 - IDENTIFICADOR DEL NÚMERO DE CONTROL
- campo de control: BNPHU
005 - FECHA Y HORA DE LA ÚLTIMA TRANSACCIÓN
- campo de control: 20240223180702.0
008 - DATOS DE LONGITUD FIJA
- campo de control de longitud fija: 230802|| aca||aabn | a|a d
040 ## - FUENTE DE LA CATALOGACIÓN
- Centro catalogador/agencia de origen: DO-SdBNP
- Lengua de catalogación: spa
- Centro/agencia transcriptor: BNPHU
- Normas de descripción: rda
100 1# - ENCABEZAMIENTO-NOMBRE DE PERSONA
- Nombre de persona: Chavalier, Nan
- Fechas asociadas al nombre: 1965-
372 ## - CAMPO DE ACTIVIDAD
- Campo de actividad: Director Escuela de Letras de la UASD
- Campo de actividad: Director del Departamento de Español UNAPEC
374 ## - OCUPACIÓN
- Ocupación: Escritor
- Ocupación: Profesor
378 ## - FORMA COMPLETA/DESARROLLADA DEL NOMBRE
- Forma completa/desarrollada del nombre: Reynaldo Paulino (Nan) Chavaliier
400 1# - TRAZADO DE VÉASE--NOMBRE DE PERSONA
- Nombre de persona: Chavalier, Reynaldo Paulino
- Fechas asociadas al nombre: 1965
670 ## - FUENTE DE DATOS ENCONTRADOS
- Cita de la fuente: Work cat.: (DO-SdBNP)54249: Quimeras de mi adolescencia :
670 ## - FUENTE DE DATOS ENCONTRADOS
- Cita de la fuente: https://www.clubensayos.com/Biograf%C3%ADas/Biograf%C3%ADa-de-Nan-Chevalier/4704529.html Consultado en 22/02/2024
